000 00235nam a22001097a 4500
003 OSt
008 250104b |||||||| |||| 00| 0 eng d
041 _aeng
245 _aUdhyaanakrishi
260 _bKerala Bhaasha Institute
942 _cBK
999 _c18929
_d18929